| 000 | 00734nam a22001577a 4500 | ||
|---|---|---|---|
| 003 | OSt | ||
| 005 | 20161125145952.0 | ||
| 008 | 161125b xxu||||| |||| 00| 0 eng d | ||
| 040 | _cRUA | ||
| 082 | _aLMA DOU 2013 B540 Or.1 | ||
| 100 |
_911374 _aDOUNG TAINGKOU; ដូន តាំងគូ |
||
| 245 | _aStudy the evolution of land tenure rights in sangkat spean thmor, khan dangkor, phnom penh city; សិក្សាពីការវិភាគនៃសិទ្ធិកាន់កាប់ដីធ្លី នៅសង្្កត់ស្ពានថ្ម ខណ្ឌដង្កោ រាជធានីភ្នំពេញ | ||
| 260 |
_aPHNOM PEHN _bDOU _c 2013 |
||
| 300 |
_axiii;47p. _bill. _c29cm. |
||
| 942 |
_2ddc _cLMA |
||
| 999 |
_c10935 _d10935 |
||